000 00900nam a2200253Ia 4500
003 OSt
005 20220918110812.0
006 a|||||r|||| 00| 0
007 ta
008 220915b |||||||| |||| 00| 0 hin d
024 _a242158
037 _cReference Collections
040 _aARTS
_cARTS
_bhin
041 _2hin
_ahin
082 _aP168:4k, 152P3(RR)
100 _aउस्मानी, सज्जाद
245 0 _aउर्दू हिन्दी शब्दकोश
246 _aUrdū hindī shabdakosha
260 _aदिल्ली
_bस्वराज प्रकाशन
_c2003
300 _a863पृ0
700 _a सुधीन्द्र कुमार
942 _hP168:4k, 152P3(RR)
_cREF
999 _c114871
_d114871